|
|
|
|
| LEADER |
00000nam a2200000 4500 |
| 001 |
vtls012229044 |
| 003 |
SK-MaSNL |
| 005 |
20260301121806.0 |
| 008 |
230505s2021 xo g f 000 0 slo |
| 015 |
|
|
|a SNBA2023/05
|
| 020 |
|
|
|a 9788081291272
|q (brožované)
|
| 040 |
|
|
|a SNK
|b slo
|c SNK
|e rda
|
| 041 |
0 |
|
|a slo
|
| 044 |
|
|
|a xo
|c SK
|
| 072 |
|
7 |
|a 613
|x Hygiena. Ľudské zdravie
|2 konspekt
|
| 080 |
|
|
|a 613
|2 2011
|
| 080 |
|
|
|a (035)
|2 2011
|
| 080 |
|
|
|a 613/614
|2 2011
|
| 100 |
1 |
|
|a Zbojek, Ján
|4 aut
|9 302736
|
| 245 |
1 |
0 |
|a Elixír mladosti
|c Ján Zbojek
|
| 264 |
|
1 |
|a Košice-Myslava
|b TypoPress
|c 2021
|
| 300 |
|
|
|a 180 strán
|c 18 cm
|
| 336 |
|
|
|a text
|b txt
|2 rdacontent
|
| 337 |
|
|
|a bez média
|b n
|2 rdamedia
|
| 338 |
|
|
|a zväzok
|b nc
|2 rdacarrier
|
| 500 |
|
|
|a Vydal a vytlačil: TypoPress Košice-Myslava pre spoločnosť Paco - Fin s.r.o.
|
| 650 |
0 |
7 |
|a zdravie
|2 SNKPH
|9 16322
|
| 650 |
0 |
7 |
|a životospráva
|2 SNKPH
|9 23728
|
| 650 |
0 |
7 |
|a Health
|2 SNKPHeng
|9 265749
|
| 650 |
0 |
7 |
|a Health behavior
|2 SNKPHeng
|9 292072
|
| 655 |
|
7 |
|a príručky
|2 SNKPH
|9 74364
|
| 655 |
|
7 |
|a Handbooks, manuals, etc.
|2 SNKPHeng
|9 90964
|
| 852 |
|
|
|a Slovenská národná knižnica
|
| 919 |
|
|
|a 978-80-8129-127-2
|
| 954 |
|
|
|a iná literatúra (príručky, kuchárske knihy, hobby literatúra, sprievodcovia) pôvodná (slovenská)
|2 lita
|
| 999 |
|
|
|c 730641
|d 732571
|
| 952 |
|
|
|a SNK
|b SNK
|y PREZ
|7 0
|p 17A1529019
|o snkSD 91550
|i snk2023/7264
|8 0
|0 0
|1 0
|4 0
|d 2023-05-05
|f 1
|l 0
|r 2026-02-23 22:27:45
|w 2026-02-23
|
| 952 |
|
|
|a SNK
|b SNK
|y VYP
|7 0
|p 17A1529020
|o snkSD 91550 D1
|i snk2023/7265
|8 0
|0 0
|1 0
|4 0
|d 2023-05-05
|l 0
|r 2026-02-23 22:27:45
|w 2026-02-23
|